Statistiques concernant Tous les pokémon de Koga

Cliquez ici pour prendre le quiz!

Statistiques générales

  • Ce quiz a été pris 23 fois
  • Le résultat moyen est 11 sur 13

Statistiques - réponses

HintRéponse% Correct
Aéromite
100%
Grotadmorv
100%
Rouge & BleuSmogo
100%
Smogogo
100%
Nostenfer
88%
JauneMimitoss
82%
Let's Go Pikachu
& Evoli
Nosferalto
76%
Avaltout
71%
Or & Argent
& Cristal
Migalos
71%
Tentacruel
71%
Coatox
65%
Foretress
65%
Heartgold
& Soulsilver
Moufflair
65%

Distribution des résultats

Percentile par nombre de réponses

% des personnes avec chaque résultat

Votre développement - résultats

Vous n’avez pas pris ce quiz